Špecifiká a problémy účtovnej závierky v jednoduchom účtovníctve fyzických osôb

Účtovná závierka. Hotovostný princíp. Daňová orientácia. Hospodársky výsledok. Účtovné knihy jednoduchého účtovníctva. Uzavieranie účtovných kníh. Problémy pri uzavieraní kníh. Výkaz o majetku a záväzkoch. Uzávierka daňového členenia príjmov a výdavkov. Uzávierkové účtovné operácie.

Gespeichert in:
Bibliographische Detailangaben
1. Verfasser: Pecháčová, Tatjana
Format: Buchkapitel
Sprache:Slowakisch
Schlagworte:
Tags: Tag hinzufügen
Keine Tags, Fügen Sie das erste Tag hinzu!

MARC

LEADER 00000naa a2200000 4500
001 r044633
005 20231002074519.1
041 0 |a slo 
044 |a SK 
245 1 0 |a Špecifiká a problémy účtovnej závierky v jednoduchom účtovníctve fyzických osôb  |c Tatjana Pecháčová 
520 |a Účtovná závierka. Hotovostný princíp. Daňová orientácia. Hospodársky výsledok. Účtovné knihy jednoduchého účtovníctva. Uzavieranie účtovných kníh. Problémy pri uzavieraní kníh. Výkaz o majetku a záväzkoch. Uzávierka daňového členenia príjmov a výdavkov. Uzávierkové účtovné operácie. 
610 2 0 |a závierka účtovná 
610 2 0 |a účtovníctvo jednoduché 
610 2 0 |a hotovosť 
610 2 0 |a dane 
610 2 0 |a výsledok hospodársky 
610 2 0 |a knihy účtovné 
610 2 0 |a operácie účtovné 
100 1 |a Pecháčová, Tatjana